00629nam a2200181 a 450000100100000000500170001000800410002702000150006804000250008310000210010824000210012924501450015026000380029530000210033349000320035470000290038683000320041500004268420201002040326.0140206s1997 sp 000 0 spa d a8440680163 aDO-SdBNPbspacBNPHU1 aNicholl, Charles14aThe Fruit palace13aLa ruta de la coca :bun viaje por Colombia y por el submundo del tráfico de cocaína /cCharles Nicholl; traducción, Antonio Desmonts. aBarcelona, :bEdiciones B,c1997. a405 p. ;c19 cm.1 aBiblioteca Grandes Viajeros1 aDesmonts, Antonioetrad. 0aBiblioteca Grandes Viajeros